<?xml version="1.0" encoding="UTF-8"?>
<marc:record xmlns:marc="http://www.loc.gov/MARC21/slim">
   <marc:leader>00000nam a2200000 a 4500</marc:leader>
   <marc:datafield ind1="0" ind2="0" tag="245">
      <marc:subfield code="a">BambinoLÜK</marc:subfield>
   </marc:datafield>
   <marc:datafield ind1="0" ind2="0" tag="245">
      <marc:subfield code="b">Erste Uhrzeiten / [Autor Heiner Müller. Ill.: Frank Bayer]</marc:subfield>
   </marc:datafield>
   <marc:datafield ind1=" " ind2="1" tag="264">
      <marc:subfield code="a">Braunschweig</marc:subfield>
      <marc:subfield code="b">Westermann Lernspielverlage GmbH</marc:subfield>
      <marc:subfield code="c">2013</marc:subfield>
   </marc:datafield>
   <marc:datafield ind1="1" ind2=" " tag="520">
      <marc:subfield code="a">Angaben aus der Verlagsmeldung 

 bambinoLÜK-System  bambinoLÜK-System / bambinoLÜK  : Erste Uhrzeiten  / von Heiner Müller

Das fr&amp;ouml;hliche bambinoL&amp;Uuml;K-&amp;Uuml;bungsheft zum Kennenlernen einfacher Uhrzeiten ab 4 Jahren.



Wann ist gleich, wie lange dauert das noch?



&amp;bull; Vergleichen von verschiedenen Uhren und Uhrzeiten.



&amp;bull; Erkennen der Uhrzeit auf dem Zifferblatt der Uhren.



&amp;bull; Volle und halbe Uhrzeiten von 1 bis 12.



&amp;bull; Kindliche Aktivit&amp;auml;ten zu bestimmten Uhrzeiten am Vormittag und am Nachmittag.</marc:subfield>
   </marc:datafield>
   <marc:datafield ind1=" " ind2=" " tag="020">
      <marc:subfield code="a">9783837778618</marc:subfield>
      <marc:subfield code="9">9783837778618</marc:subfield>
   </marc:datafield>
   <marc:datafield ind1=" " ind2=" " tag="020">
      <marc:subfield code="a">3837778614</marc:subfield>
      <marc:subfield code="9">3837778614</marc:subfield>
   </marc:datafield>
   <marc:datafield ind1=" " ind2=" " tag="041">
      <marc:subfield code="a">ger</marc:subfield>
   </marc:datafield>
   <marc:datafield ind1=" " ind2=" " tag="300">
      <marc:subfield code="b">überw. Ill.</marc:subfield>
   </marc:datafield>
   <marc:datafield ind1=" " ind2=" " tag="338">
      <marc:subfield code="a">Band</marc:subfield>
   </marc:datafield>
   <marc:datafield ind1=" " ind2=" " tag="300">
      <marc:subfield code="a">[22] S.</marc:subfield>
   </marc:datafield>
</marc:record>
